| 000 | 00578nam a22002057a 4500 | ||
|---|---|---|---|
| 005 | 20170124110041.0 | ||
| 010 | _aB-040986 | ||
| 020 |
_c00.00 _a8170173442 |
||
| 035 | _aB-040986 | ||
| 037 | _bCen Lib/Ret | ||
| 040 |
_aDPL _bEN |
||
| 082 |
_a881 _bMAL |
||
| 100 |
_aMalik, Keshav _923714 |
||
| 245 |
_aOzone layer : _cby Keshav Malik _bselected poems / |
||
| 260 |
_bAbhinav Publications _c1996 _aNew Delhi |
||
| 270 |
_aE-37, Hauz Khas _bNew Delhi _e110016 |
||
| 300 |
_a68p. _c20cm(Hb) |
||
| 650 |
_aEnglish poems _923715 |
||
| 942 |
_2ddc _cEN _h881 _mMAL |
||
| 999 |
_c128540 _d128540 |
||